LEADER 00883cmm0-22003131i-450- 001 990008035670403321 005 20050404093037.0 010 $a2011552001 035 $a000803567 035 $aFED01000803567 035 $a(Aleph)000803567FED01 035 $a000803567 100 $a20050404d2003----km-y0itay50------ba 101 0 $afre 102 $aFR 200 1 $a<>Francais juridique$edroit - administration - affaires$fMichel Soignet 210 $aParis$cHachette$dİ2003 215 $a128 p.$cill.$d29 cm$ecd rom 610 0 $aLingua francese$aLessico 676 $a448.2$v21$zita 700 1$aSoignet,$bMichel$0297622 801 0$aIT$bUNINA$gRICA$2UNIMARC 901 $aBK 912 $a990008035670403321 952 $aXV Fb 197$b41593/95$fFSPBC 952 $aXV Fb 198$b41594/96$fFSPBC 959 $aFSPBC 996 $aFrancais juridique$968925 997 $aUNINA LEADER 03034nam 2200757 a 450 001 9910542772103321 005 20120201160147.0 010 $a1-78268-095-0 010 $a1-283-89287-1 010 $a1-60649-240-3 024 7 $a10.4128/9781606492406 035 $a(CKB)2550000000086633 035 $a(EBL)876652 035 $a(OCoLC)774870114 035 $a(SSID)ssj0000621188 035 $a(PQKBManifestationID)11419152 035 $a(PQKBTitleCode)TC0000621188 035 $a(PQKBWorkID)10616426 035 $a(PQKB)10246689 035 $a(CaBNVSL)swl00400442 035 $a(MiAaPQ)EBC876652 035 $a(Au-PeEL)EBL876652 035 $a(CaPaEBR)ebr10528317 035 $a(CaONFJC)MIL420537 035 $a(EXLCZ)992550000000086633 071 53$a2$bBEP 100 $a20120125d2012 fy 0 101 0 $aeng 135 $aur|n|---||||| 181 $ctxt 182 $cc 183 $acr 200 10$aStrategic cost analysis$b[electronic resource] /$fRoger Hussey, Audra Ong 205 $a1st ed. 210 $a[New York, N.Y.] (222 East 46th Street, New York, NY 10017) $cBusiness Expert Press$dc2012 215 $a1 online resource (175 p.) 225 1 $aManagerial accounting collection,$x2152-7121 300 $aDescription based upon print version of record. 311 $a1-60649-239-X 320 $aIncludes bibliographical references (p. 155-158) and index. 327 $aPreface -- 1. Cost and strategy -- 2. Cost concepts and methods -- 3. Establishing plans -- 4. Monitoring and control -- 5. Managerial decision making -- 6. Strategic cost management -- Notes -- References -- Index. 330 3 $aIncreasing business competition is compelling managers not only to develop realistic and achievable strategies but also to analyze goals in financial terms and to evaluate performance. Managers will need to know the key methods and techniques of strategic cost analysis no matter which sectors they are in - be it manufacturing, service, or the nonprofit sector. The interaction of the organization's activities, the influences of the external world, and the responsibilities of managers need to be captured in financial terms to enable managers to plan, control, and make decisions. 410 0$aManagerial accounting collection.$x2152-7121 606 $aCost accounting 606 $aManagerial accounting 608 $aElectronic books. 610 $astrategic cost 610 $acost competencies 610 $ajob costing 610 $aservice costing 610 $avariance analysis 610 $aCVP analysis 610 $avalue chain analysis 610 $abalanced scorecard 615 0$aCost accounting. 615 0$aManagerial accounting. 676 $a657.42 700 $aHussey$b Roger$0292982 701 $aOng$b Audra Wei Ming$01085342 801 0$bMiAaPQ 801 1$bMiAaPQ 801 2$bMiAaPQ 906 $aBOOK 912 $a9910542772103321 996 $aStrategic cost analysis$92704573 997 $aUNINA LEADER 01436nam 2200457 450 001 9910798552703321 005 20230808194436.0 010 $a1-61002-017-0 035 $a(CKB)3710000000769772 035 $a(MiAaPQ)EBC4612327 035 $a(Au-PeEL)EBL4612327 035 $a(CaPaEBR)ebr11238976 035 $a(CaONFJC)MIL942287 035 $a(OCoLC)952053639 035 $a(EXLCZ)993710000000769772 100 $a20160827h20162016 uy 0 101 0 $aeng 135 $aurcnu|||||||| 181 $2rdacontent 182 $2rdamedia 183 $2rdacarrier 200 00$aChallenging cases in pediatric diagnosis $ecases from pediatrics in review index of suspicion and visual diagnosis. /$feditor, Deepak Kamat 210 1$aElk Grove Village, Illinois :$cAmerican Academy of Pediatrics,$d2016. 210 4$dİ2016 215 $a1 online resource (569 pages) $cillustrations, photographs 311 $a1-61002-016-2 606 $aChildren$xDiseases$xDiagnosis$vCase studies 606 $aPhysical diagnosis$vCase studies 606 $aPediatrics 615 0$aChildren$xDiseases$xDiagnosis 615 0$aPhysical diagnosis 615 0$aPediatrics. 676 $a618.920075 702 $aKamat$b Deepak 801 0$bMiAaPQ 801 1$bMiAaPQ 801 2$bMiAaPQ 906 $aBOOK 912 $a9910798552703321 996 $aChallenging cases in pediatric diagnosis$93853208 997 $aUNINA